000 00636cam a2200205 4500500
005 20260405003006.0
041 _afre
042 _adc
100 1 0 _aPortevin, Catherine
_eauthor
245 0 0 _aVinciane Despret : “La joie est une condition pour aller vers le savoir”
260 _c2019.
500 _a17
690 _aAnimal
690 _aAnimaux
690 _aMort
690 _aOiseau
690 _aVinciane Despret
786 0 _nPhilosophie magazine | 134 | 11 | 2019-11-01 | p. 32-34 | 1951-1787
856 4 1 _uhttps://shs.cairn.info/magazine-philosophie-magazine-2019-11-page-32?lang=fr&redirect-ssocas=7080
999 _c2063290
_d2063290